000 00803nam a2200253Ia 4500
003 OSt
005 20220923224558.0
006 a|||||r|||| 00| 0
007 ta
008 Pun
020 _c220
024 _a243,646
037 _b309, 08/10/2010, H.K. Prakashan
_cTextual
040 _aARTS
_cARTS
_bPun
041 _2Pun
_aPun
082 _aO153w, P4
100 _aਰਾਣਾ ਭੋਗਪੁਰੀਆ
_9156272
245 0 _aਪ੍ਰਵਾਸੀ ਪੰਜਾਬੀ ਸਾਹਿਤਕਾਰ
260 _aਜਲੰਧਰ
_b ਪ੍ਰੀਤ ਪ੍ਰਕਾFਨ
_c2004
300 _a146ਪੰ
_ccm.
650 _aਪੰਜਾਬੀ ਸਾਹਿਤ
942 _hO153w, P4
_cTEXL
_2CC
999 _c372326
_d372326